Organizaciones no gubernamentales con acciones en salud y ambiente

Spremljeno u:
Bibliografski detalji
Autor kompanije: OMS. OPS. Programa Medio Ambiente y Salud en el Istmo Centroamericano. Programa de Salud Ambiental
Format: Tekst
Izdano: San José: OMS
Oznake: Dodaj oznaku
Bez oznaka, Budi prvi tko označuje ovaj zapis!

MARC

LEADER 00000 a a2200000 04500
001 22389
003
040
090 |a 152600  
110 |a OMS. OPS. Programa Medio Ambiente y Salud en el Istmo Centroamericano. Programa de Salud Ambiental  
245 |a Organizaciones no gubernamentales con acciones en salud y ambiente  
260 |a San José:   |b OMS  
300 |a 251 p   |b **no definido**   |b fonodiscos  
999 |c 5626  |d 5626